Представление документа в формате RUSMARC

ПолеНазваниеЗначение
  Тип записи a
  Библиографический уровень m
001 Контрольный номер UONB/MAIN/befa11dc7f284fedb1e61294d628c713
005 Дата корректировки 20260416155719.5
010 Индекс ISBN __
d Цена 25 к.
100 Данные общей обработки __
a Данные общей обработки 20260416d1911 u y0rusy0189 ca
101 Язык документа 0_
a Язык текста rus
102 Страна публикации __
a Страна публикации RU
105 Кодированные данные (монография) __
a Кодированные данные (монография) a z 000yb
200 Заглавие и сведения об ответственности 1_
a Заглавие Федор Карлович Руссов
e Сведения, относящиеся к заглавию первый ученый хранитель Музея антропологии и этнографии при Императорской Академии наук
e Сведения, относящиеся к заглавию (доложено в заседании Историко-филологического отделения 13 января 1910 г.)
f Первые сведения об ответственности Е. Л. Петри
210 Выходные данные 1_
d Дата издания 1911
215 Физическое описание __
a Объем 8 с.
c Иллюстрации/тип воспроизводства ил., портр.
461 Уровень набора _0
1 2001
a Сборник Музея антропологии и этнографии
v Т. 10
1 2101
a Санкт-Петербург
c Наука, Санкт-Петербургское отделение
d 1900-
1 300
a Доп. тит. л. фр.
1 001UONB/MAIN/77ff1e0278f642a191f97e1f573595f3
1 203
a Текст
b визуальный
c непосредственный
1 215
d 30 см
1 71002
a Музей антропологии и этнографии им. Петра Великого (Санкт-Петербург)
4 570
600 Персоналии _1
a Персоналии (Фамилия) Руссов
b Персоналии (Имя, инициалы) Ф. К.
g Полное имя Федор Карлович
601 Наименование организации как предмет 02
a Наименование организации как предмет Музей антропологии и этнографии имени Петра Великого
x Тематический подзаголовок Хранители
610 Ключевые слова 0_
a Ключевые слова музейная деятельность; ученый хранитель музея; антропология и этнография; музейные коллекции антропологии; хранители музейные
686 Индексы других классификаций __
a Классификационный индекс 28.7д
2 Код системы rubbk
700 Автор _1
a Фамилия Петри
b Имя (инициалы) Е. Л.
801 Источник записи _0
a Страна RU
b Организация Ульяновская ОНБ
c Дата составления 20260416
g Правила каталогизации RCR
801 Источник записи _1
a Страна RU
b Организация Ульяновская ОНБ
c Дата составления 20260416
g Правила каталогизации RCR
901 Тип документа __
t Тип документа n
w Контрольный № источника UONB/MAIN/77ff1e0278f642a191f97e1f573595f3
909 Создатель записи __
a Создатель записи Моргунова
b Дата создания записи 20260416